000 00546nam a2200193Ia 4500
005 20250326141429.0
008 250326s9999 xx 000 0 und d
020 _a81-7022-278-8
037 _aTextbook
040 _aFMSL
_beng
_cFMSL
041 _aeng
_2eng
084 _aT4:(X:8D).44 N2
_qFMSL
100 _aSharma M M
245 0 _aFicial management of Universities in India
_cSharma M M
260 _aNew Delhi
_bNew Delhi, Cocept
_c1992
300 _a252p
942 _cTB
_hT4:(X:8D).44 N2
999 _c1290276
_d1290276